000
00277nam a22001217a 4500
008
180125b xxu||||| |||| 00| 0 eng d
041
_a
eng
080
_a
574
100
_a
9
101
_a
mje
245
_a
the complete book of groundcovers
_c
robert.e.a
942
_2
udc
_c
BK
999
_c
40957
_d
40957